IFM Opac

TANZANIA Financial Accounting (Record no. 20219)

MARC details
000 -LEADER
fixed length control field 00334nam a22001457a 4500
020 ## - INTERNATIONAL STANDARD BOOK NUMBER
International Standard Book Number 997678051x
082 ## - DEWEY DECIMAL CLASSIFICATION NUMBER
Classification number 657.48
100 ## - MAIN ENTRY--PERSONAL NAME
Personal name l
245 ## - TITLE STATEMENT
Title TANZANIA Financial Accounting
250 ## - EDITION STATEMENT
Edition statement 2nd ed.
260 ## - PUBLICATION, DISTRIBUTION, ETC.
Name of publisher, distributor, etc. NATIONAL BOARD OF ACCOUNTANTS AND AUDITORS
Date of publication, distribution, etc. 2002
300 ## - PHYSICAL DESCRIPTION
Extent VI,478p.20cm.
500 ## - GENERAL NOTE
General note APPENDIXES
942 ## - ADDED ENTRY ELEMENTS (KOHA)
Koha item type Books

No items available.